000 01642nam0a2200349 4500
001 RU\NLR\BIBL_A\011749081
005 20180927140541.0
010 _a978-5-9524-5288-6
_92000
021 _aRU
_bКН-П-18-3119
_9КН-П-18-043119
035 _a(NLR Aleph) 011749081
035 _a(RuMoRGB)009660685
090 _a11619947
_c11619947
100 _a20180712d2018 u y0rusy50 ca
101 1 _arus
_ceng
102 _aRU
105 _aab||z|||000zy
200 1 _aИоанн. Король Англии
_dJohn. King of England
_eсамый коварный монарх средневековой Европы
_fДжон Тейт Эплби
_g[перевод с английского Л. А. Игоревского]
_zeng
210 _aМосква
_cЦентрполиграф
_d2018
215 _a317, [2] с.
_cил., карт.
_d21
300 _aАвт. также на англ. яз.: John Tate Appleby
510 1 _6z73790
_aJohn. King of England
_zeng
517 1 _aКороль Англии
600 0 _aИоанн Безземельный
_cкороль английский
_f1167 - 1216
_2nlr_sh1
_2nlr_sh2
_3RU\NLR\AUTH\66192931
686 1 _aТ3(4Вл)42-8
700 1 _aЭплби
_bД. Т.
_cписатель-историк
_f1907-1974
_gДжон Тейт
_3RU\NLR\AUTH\770194491
702 0 _aИоанн Безземельный
_cкороль английский
_f1167-1216
_3RU\NLR\AUTH\7748254
_4570
790 1 _6z73510
_aAppleby
_bJ. T.
_cписатель-историк
_f1907-1974
_gJohn Tate
_3RU\NLR\AUTH\770194493
942 _cBOOK
980 _aNBR
980 _aNB